| 000 | 01617cam a2200433 i 4500 | ||
|---|---|---|---|
| 001 | 197455 | ||
| 003 | ES-MaACL | ||
| 005 | 20250805062634.0 | ||
| 007 | ta | ||
| 008 | 960920s1996 sp | ||| ||spa | ||
| 016 | 7 |
_abimoBNE19960466770 _2SpMaBN |
|
| 017 |
_aM 13975-1996 _bOficina Depósito Legal Madrid |
||
| 020 | _a8487290973 | ||
| 035 | _a(OCoLC)433631304 | ||
| 035 | _a(SpMaBN)Mimo0000508477 | ||
| 040 |
_aSpMaBN _bspa _cSpMaBN _erdc |
||
| 080 | _a914.602.7 M."19" | ||
| 080 | _a711.4.036(460.27 M.) | ||
| 100 | 0 |
_aHidalgo Monteagudo, Ramón _963596 _eaut |
|
| 245 | 1 | 3 |
_aEl Madrid de la Gran Vía / _cRamón Hidalgo, Rosalía Ramos, Fidel Revilla. |
| 260 |
_aMadrid : _bLa Librería, _c[1996]. |
||
| 300 |
_a140 p. : _bil. col. y n. ; _c22 cm. |
||
| 336 |
_2rdacontent _atexto |
||
| 337 |
_2rdamedia _asin mediación |
||
| 338 |
_2rdacarrier _avolumen |
||
| 490 | 1 |
_aRecorridos didácticos por Madrid ; _v11 |
|
| 650 | 7 |
_aUrbanismo _zMadrid _yS.XX _2embne _98986 |
|
| 651 | 4 |
_aMadrid- _xDescripción _2embne _98952 |
|
| 700 | 0 |
_aRamos Guarido, Rosalía _995322 _eaut |
|
| 700 | 0 |
_aRevilla, Fidel _996430 _eaut |
|
| 800 | 1 |
_aHidalgo Monteagudo, Ramón _tRecorridos didácticos por Madrid _v11 _9240811 |
|
| 830 | 0 |
_9179420 _aRecorridos didácticos por Madrid ; _v11 |
|
| 852 |
_aES-MaACL _cDEPO1 _jA-15548 _hDonación: Fernando Codina Rodríguez _xEncuadernación rústica _9205895 |
||
| 903 |
_aCodina Rodríguez, Fernando _ednr _9238631 |
||
| 942 |
_n0 _cMONOGRAFIA |
||
| 999 |
_c197455 _d197455 |
||